| 000 | 00567nam a2200193Ia 4500 | ||
|---|---|---|---|
| 999 |
_c30216 _d30216 |
||
| 003 | OSt | ||
| 005 | 20201218100611.0 | ||
| 008 | 190216s9999||||xx |||||||||||||| ||und|| | ||
| 020 | _a9788193568965 | ||
| 040 | _coclc | ||
| 082 |
_a894.8121 _bMAD/R |
||
| 100 |
_aMadappally, Jinesh _97647 |
||
| 245 | 0 |
_aRogathuramaya Snehathinte 225 Kavithakal / _cJinesh Madappally |
|
| 250 | _aFIRST | ||
| 260 |
_bVidyarthi Publications, _c2018. _aCalicut: |
||
| 300 | _a242p | ||
| 650 | _aMalayalam | ||
| 942 |
_cBK _2ddc _h894.8121 _iMAD/R _k894.8121 _mMAD/R |
||